000 00705nam a2200205 a 4500
001 000029746
005 20240302073957.0
008 110425s1989 dr 000 0 spa d
040 _aDO-SdBNP
_bspa
_cBNPHU
082 _a923.57293
_bG633m
100 1 _aMorales, Salvador E.
_956526
245 1 0 _aMáximo Gómez el libertador de Cuba /
_cSalvador Morales.
260 _aSanto Domingo :
_bAlfa & Omega,
_c1989.
300 _a55 p. ;
_c21 cm.
600 1 0 _aGómez, Máximo,
_d1836-1905
_912249
651 4 _aCuba
_xHistoria
_yGUERRA DE LOS DIEZ AÑOS, 1868-1878
_911018
651 4 _aCuba
_xHistoria
_yGUERRA DE INDEPENDENCIA, 1895-1898
_911019
910 _aValidado. Control de calidad BNPHU
049 _aBNPD
999 _c29238
_d29238